| 000 | 00703nam a2200169Ia 4500 | ||
|---|---|---|---|
| 005 | 20260603120909.0 | ||
| 008 | 260603s9999||||xx |||||||||||||| ||und|| | ||
| 020 | _a817756529X | ||
| 020 | _qhb | ||
| 082 |
_a891.44 _bMAJ |
||
| 100 | _aমজুমদার, উজ্জ্বল কুমার [সম্পাদনা] = Majumdar, Ujjwal Kumar [ed.] | ||
| 245 | 0 | _aরচনা সংগ্রহ : দিলীপ কুমার রায় = Rachanasangrah : Dilip Kumar Ray [in Bengali] | |
| 260 |
_aকলকাতা = Kolkata _bআনন্দ পাবলিশার্স = Ananda Publishers _c2006 |
||
| 300 | _a887p. ; 24cm. | ||
| 653 | _aBengali Language--Literature | ||
| 942 | _cBK | ||
| 999 |
_c57085 _d57085 |
||